Global Marketing Management. (Record no. 4028)

MARC details
005 - DATE AND TIME OF LATEST TRANSACTION
control field 20250614072620.0
020 ## - INTERNATIONAL STANDARD BOOK NUMBER
International Standard Book Number 0-471-23062-6
082 ## - DEWEY DECIMAL CLASSIFICATION NUMBER
Classification number LECT 658.8 KOT
100 ## - MAIN ENTRY--PERSONAL NAME
Author name KOTABE, M.
245 ## - TITLE STATEMENT
Title Global Marketing Management.
250 ## - EDITION STATEMENT
Edition statement 3rd Ed.
260 ## - PUBLICATION, DISTRIBUTION, ETC.
Place of publication, distribution, etc. Hoboken,
Name of publisher, distributor, etc. John Wiley & Sons,
Date of publication, distribution, etc. 2004.
300 ## - PHYSICAL DESCRIPTION
Extent xxii, 704p.: ill.; chart, figure, map, table
Other physical details Index
Dimensions 28cm.
700 ## - ADDED ENTRY--PERSONAL NAME
Other authors/Editors HELSEN, K.
942 ## - ADDED ENTRY ELEMENTS (KOHA)
Source of classification or shelving scheme Dewey Decimal Classification
Koha item type Books
Holdings
Date last seen Total checkouts Full call number Barcode Cost, replacement price Price effective from Koha item type Lost status Source of classification or shelving scheme Damaged status Not for loan Withdrawn status Home library Current library Shelving location Date acquired Cost, normal purchase price
06/14/2025   LECT 658.8 KOT 00000012993 455820.00 06/14/2025 Books   Dewey Decimal Classification       College of Business Education Main Library College of Business Education Main Library General Collection 04/22/2005 151940.00